[Event "IECG CP.2002.P.00013 email"]
[Site "IECG email"]
[Date "2002.10.01"]
[Round "?"]
[White "Blittkowsky, Ralf"]
[Black "Marino, Juan"]
[Result "1-0"]
[WhiteElo "1975"]
[BlackElo "1000"]
[PlyCount "69"]
[EventDate "2002.10.01"]
[EventType "tourn (corr)"]
[EventRounds "6"]
[EventCountry "UKR"]
[SourceTitle "Corr 2008"]
[Source "ChessBase"]
[SourceDate "2008.06.24"]
[SourceVersion "1"]
[SourceVersionDate "2008.06.24"]
[SourceQuality "1"]

1. d4 d5 2. Nf3 Nf6 3. c4 c6 4. Nc3 e6 5. Bg5 Nbd7 6. e3 Bb4 7. Qc2 h6 8. Bh4 b6 9. cxd5 cxd5 10. Bd3 g5 11. Bg3 a6 12. Ne5 Bxc3+ 13. Qxc3 Ne4 14. Bxe4 dxe4 15. Nc6 Qf6 16. Be5 Nxe5 17. dxe5 Qg7 18. Qb4 f6 19. Rd1 Bd7 20. Qxb6 0-0 21. exf6 Rxf6 22. 0-0 Raf8 23. Qxa6 Bc8 24. Qc4 Qh7 25. b4 Bd7 26. a4 Bxc6 27. Qxc6 e5 28. Qd5+ Qf7 29. a5 Qxd5 30. Rxd5 Rb8 31. b5 Rf5 32. a6 Ra8 33. Rb1 Kf7 34. Rd7+ Kg6 35. a7 1-0